Теорія і практика перекладу. Французька мова (Запис № 306473)

МАРК-запис
000 -Лідер
fixed length control field 00812nam a22002657a 4500
001 - Контрольний номер
control field 20297
003 - Ідентифікатор контрольного номера
control field UA-OsUOA
005 - Дата та час останнього входження (трансакції)
control field 20211128203736.0
007 - Фіксоване поле фізичного опису
fixed length control field ta
008 - Елементи даних фіксованої довжини – загальна інформація
fixed length control field 20031020b un ||||| |||| 00| 0 ukr d
020 ## - Міжнародний стандартний книжковий номер (ISBN)
Міжнародний стандартний книжковий номер (ISBN) (НП) 5-325-00442-5
040 ## - Джерело каталогізації
Агенція оригінальної каталогізації UA-OsUOA
Мова каталогізації fre
Агенція, яка здійснювала перезапис UA-OsUOA
Агенція, яка здійснювала модифікацію UA-OsUOA
041 ## - Код мови
Код мови тексту/ звукової доріжки чи окремого заголовка (П) fre
044 ## - Код країни видавця/ виробника
Код країни видавця/ виробника (П) FR
080 ## - Індекс Універсальної десяткової класифікації
Індекс Універсальної десяткової класифікації (УДК) (НП) 811.133.1(075)
090 ## - Локальний шифр розміщення
Класифікаційний індекс УДК 811.133.1(075)
Авторський знак (НП) Ч-46
100 ## - Основне введення – ім’я особи
Ім’я особи (НП) Чередниченко О. І.
245 ## - Відомості про назву
Назва (НП) Теорія і практика перекладу. Французька мова
Решта назви (НП) підручник
260 ## - Публікація, розповсюдження і т.п. (Вихідні дані)
Місце публікації, розповсюдження і т.п. (П) К.
Ім’я/ наймення видавництва, розповсюджувача і т.п. (П) Либідь
Дата публікації, розповсюдження і т.п. (П) 1995
300 ## - Фізичний опис
Обсяг 320 с.
650 #7 - Додаткове предметне введення – тематичний термін
Тематичний термін чи географічна назва, як елемент введення (НП) 8 Мовознавство. Художня література. Літературознавство
Джерело заголовка чи терміна UDC
700 ## - Додаткове введення – ім'я особи
Ім’я особи (НП) Коваль Я. Г.
942 ## - Додаткові елементи входу (Коха)
Тип елемента Koha Книги
Source of classification or shelving scheme Universal Decimal Classification
955 ## - Код типу видання за змістом
Код типу видання за змістом (НП) Навчальні видання
Фонди
Стан вилучень Стан втрат Джерело класифікації або схеми стелажів Стан уражень Не для кредиту Постійне місце розташування Поточне розміщення Дата придбання Інвентарний номер Усього замовленно Повний номер виклику Штрих-код Дата останнього перегляду Ціна ефективна від Тип елемента Koha Джерело придбання Вартість, звичайна ціна покупки Примітка, призначена для загального доступу
    Universal Decimal Classification     АБ - Абонемент НБ АБ - Абонемент НБ 20/10/2003 10662   811.133.1(075) Ч-46 10662 19/05/2022 20/10/2003 Книги      
    Universal Decimal Classification     АБ - Абонемент НБ АБ - Абонемент НБ 20/10/2003 10663   811.133.1(075) Ч-46 10663 19/05/2022 20/10/2003 Книги      
    Universal Decimal Classification     АБ - Абонемент НБ АБ - Абонемент НБ 20/10/2003 10664   811.133.1(075) Ч-46 10664 30/05/2022 20/10/2003 Книги      
    Universal Decimal Classification     АБ - Абонемент НБ АБ - Абонемент НБ 20/10/2003 10665   811.133.1(075) Ч-46 10665 11/01/2022 20/10/2003 Книги      
    Universal Decimal Classification     АБ - Абонемент НБ АБ - Абонемент НБ 20/10/2003 10666   811.133.1(075) Ч-46 10666 30/05/2022 20/10/2003 Книги      
    Universal Decimal Classification     АБ - Абонемент НБ АБ - Абонемент НБ 20/10/2003 10668   811.133.1(075) Ч-46 10668 30/05/2022 20/10/2003 Книги      
    Universal Decimal Classification     АБ - Абонемент НБ АБ - Абонемент НБ 11/05/2004 78745   811.133.1(075) Ч-46 78745 31/05/2022 20/10/2003 Книги   3.00  
    Universal Decimal Classification     ЧЗ - Читальна зала ЧЗ - Читальна зала 23/02/2018 158060   811.133.1(075) Ч-46 158060 07/02/2022 20/10/2003 Книги 4/2018 13.00 з автографом О. Чередниченко